Normal view
MARC view
Entry Nombre corporativo
001 - NÚMERO DE CONTROL
- campo de control: 33829
003 - IDENTIFICADOR DE NÚMERO DE CONTROL
- campo de control: OSt
005 - FECHA Y HORA DE LA ÚLTIMA TRANSACCIÓN
- campo de control: 20250521151425.0
008 - ELEMENTOS DE DATO DE LONGITUD-FIJA
- campo de control de longitud fija: 221005|| aca||aabn | a|a d
040 ## - FUENTE DE CATALOGACIÓN
- Centro catalogador/agencia de origen: OSt
- Centro/agencia transcriptor: OSt
110 ## - ENCABEZAMIENTO-NOMBRE DE ENTIDAD CORPORATIVA
- Nombre de entidad corporativa o nombre de jurisdicción como elemento de entrada: ESPAÑA.
- Unidad subordinada: Acuerdo sobre Solución Autónoma de Conflictos Laborales
- Número del congreso/reunión o número de parte o sección: 6º
- Fecha del congreso o de la firma del tratado: 2020
410 ## - TRAZADO DE VÉASE--NOMBRE DE ENTIDAD CORPORATIVA
- Nombre de entidad corporativa o nombre de jurisdicción como elemento de entrada: ESPAÑA
- Unidad subordinada: ASAC
- Número del congreso/reunión o número de parte o sección: 6º
- Fecha del congreso o de la firma del tratado: 2020
670 ## - FUENTE DE DATOS ENCONTRADOS
- Cita de la fuente: Work cat.: (OSt)50214: ESPAÑA. Acuerdo sobre Solución Autónoma de Conflictos Laborales 6º 2020, VI Acuerdo sobre Solución Autónoma de Conflictos Laborales [VI-ASAC], [2021]